<?xml version="1.0" encoding="UTF-8"?>
<record
    xmlns:xsi="http://www.w3.org/2001/XMLSchema-instance"
    xsi:schemaLocation="http://www.loc.gov/MARC21/slim http://www.loc.gov/standards/marcxml/schema/MARC21slim.xsd"
    xmlns="http://www.loc.gov/MARC21/slim">

  <leader>03419nam a2200541Ia 4500</leader>
  <controlfield tag="001">4011</controlfield>
  <controlfield tag="008">241029s9999    xx            000 0 und d</controlfield>
  <datafield tag="010" ind1=" " ind2=" ">
    <subfield code="a">3765</subfield>
  </datafield>
  <datafield tag="041" ind1=" " ind2=" ">
    <subfield code="a">Espa&#xF1;ol</subfield>
  </datafield>
  <datafield tag="082" ind1=" " ind2=" ">
    <subfield code="a">EDU-M, 2007, P421, e.1</subfield>
  </datafield>
  <datafield tag="245" ind1=" " ind2="0">
    <subfield code="a">C&#xF3;mo el incesto afecta la capacidad de adaptaci&#xF3;n social y el rendimiento acad&#xE9;mico de las estudiantes pre-adolescentes inmigrantes dominicanas, v&#xED;ctimas de incesto, reci&#xE9;n llegadas a Estados Unidos y que cursan el Quinto Grado en las Escuelas Elementales.</subfield>
  </datafield>
  <datafield tag="260" ind1=" " ind2=" ">
    <subfield code="a">En el extranjero</subfield>
  </datafield>
  <datafield tag="300" ind1=" " ind2=" ">
    <subfield code="a">110</subfield>
  </datafield>
  <datafield tag="520" ind1=" " ind2=" ">
    <subfield code="a">35</subfield>
  </datafield>
  <datafield tag="630" ind1=" " ind2=" ">
    <subfield code="a">Adaptaci&#xF3;n Estudiantil</subfield>
  </datafield>
  <datafield tag="630" ind1=" " ind2=" ">
    <subfield code="a">Redimiento acad&#xE9;mico</subfield>
  </datafield>
  <datafield tag="650" ind1=" " ind2=" ">
    <subfield code="a">Orientaci&#xF3;n</subfield>
  </datafield>
  <datafield tag="690" ind1=" " ind2=" ">
    <subfield code="a">Elaborado</subfield>
  </datafield>
  <datafield tag="700" ind1=" " ind2=" ">
    <subfield code="e">asesor</subfield>
    <subfield code="a">Malesp&#xED;n, Jacinto</subfield>
  </datafield>
  <datafield tag="700" ind1=" " ind2=" ">
    <subfield code="e">autor</subfield>
    <subfield code="a">Paulino, Jacquelines C. </subfield>
  </datafield>
  <datafield tag="700" ind1=" " ind2=" ">
    <subfield code="e">autor</subfield>
    <subfield code="a">Pichardo , Arelis del Rosario</subfield>
  </datafield>
  <datafield tag="901" ind1=" " ind2=" ">
    <subfield code="a">{"1":"Paulino","2":"Pichardo "}</subfield>
    <subfield code="b">{"1":"Jacquelines C. ","2":"Arelis del Rosario"}</subfield>
  </datafield>
  <datafield tag="902" ind1=" " ind2=" ">
    <subfield code="a">1</subfield>
  </datafield>
  <datafield tag="903" ind1=" " ind2=" ">
    <subfield code="a">{"1":"Malesp&#xED;n"}</subfield>
    <subfield code="b">{"1":"Jacinto"}</subfield>
  </datafield>
  <datafield tag="904" ind1=" " ind2=" ">
    <subfield code="a">Maestr&#xED;a en</subfield>
  </datafield>
  <datafield tag="905" ind1=" " ind2=" ">
    <subfield code="a">Educaci&#xF3;n</subfield>
  </datafield>
  <datafield tag="906" ind1=" " ind2=" ">
    <subfield code="a">1</subfield>
  </datafield>
  <datafield tag="907" ind1=" " ind2=" ">
    <subfield code="a">Menci&#xF3;n en</subfield>
  </datafield>
  <datafield tag="908" ind1=" " ind2=" ">
    <subfield code="a">Consejer&#xED;a</subfield>
  </datafield>
  <datafield tag="909" ind1=" " ind2=" ">
    <subfield code="a">Universidad Nacional Pedro Henr&#xED;quez Ure&#xF1;a (UNPHU), Recinto Garrido Puello</subfield>
  </datafield>
  <datafield tag="910" ind1=" " ind2=" ">
    <subfield code="a">NULL</subfield>
    <subfield code="b">NULL</subfield>
  </datafield>
  <datafield tag="911" ind1=" " ind2=" ">
    <subfield code="a">["1"]</subfield>
  </datafield>
  <datafield tag="912" ind1=" " ind2=" ">
    <subfield code="a">Nova Southeastern University (NSU), Estados Unidos de Am&#xE9;rica</subfield>
  </datafield>
  <datafield tag="913" ind1=" " ind2=" ">
    <subfield code="a">NULL</subfield>
  </datafield>
  <datafield tag="914" ind1=" " ind2=" ">
    <subfield code="a">08 de Enero de 2007</subfield>
  </datafield>
  <datafield tag="915" ind1=" " ind2=" ">
    <subfield code="a">19/11/19 12:11</subfield>
  </datafield>
  <datafield tag="916" ind1=" " ind2=" ">
    <subfield code="a">NULL</subfield>
  </datafield>
  <datafield tag="917" ind1=" " ind2=" ">
    <subfield code="a">NULL</subfield>
  </datafield>
  <datafield tag="918" ind1=" " ind2=" ">
    <subfield code="a">NO APLICA</subfield>
  </datafield>
  <datafield tag="919" ind1=" " ind2=" ">
    <subfield code="a">["8","242"]</subfield>
  </datafield>
  <datafield tag="520" ind1=" " ind2=" ">
    <subfield code="a">El principal prop&#xF3;sito del estudio consisti&#xF3; en describir como el incesto afecta la capacidad de adaptaci&#xF3;n social y el rendimiento acad&#xE9;mico de las estudiantes pre-adolescentes inmigrantes dominicanas, v&#xED;ctimas de incesto, reci&#xE9;n llegadas a Estados Unidos y que cursan el Quinto Grado en las Escuelas Elementales X del Sur del Bronx en la ciudad de New York.La investigaci&#xF3;n tiene un enfoque explorativo, descriptivo. Para la recolecci&#xF3;n de informaci&#xF3;n se usaron como instrumentos, entrevistas y cuestionarios. Se seleccion&#xF3; una poblaci&#xF3;n de veinticinco (25) estudiantes con edades entre nueve a trece (9-13) a&#xF1;os, cuyos casos hab&#xED;an sido reportados por las Escuelas.Entre los principales resultados se destaca que la ni&#xF1;a que ha sido v&#xED;ctima de abuso sexual del tipo incestuoso, desarrolla una personalidad caracterizada por una p&#xE9;rdida de la autoestima, timidez, miedo, auto-imagen y auto-valoraci&#xF3;n negativas. Puede volverse retra&#xED;da, perder la auto-confianza y a veces hacerse da&#xF1;o. Adem&#xE1;s, que la mayor&#xED;a de las ni&#xF1;as reportadas como victimas de incesto, fueron afectadas en su desenvolvimiento acad&#xE9;mico. Tambi&#xE9;n se encontr&#xF3; que pueden tener dificultad para relacionarse con otras personas, incluyendo la familia, maestros y compa&#xF1;eros de la escuela.El estudio recomienda que la Educaci&#xF3;n Sexual, deber ser implementada en las escuelas como una disciplina b&#xE1;sica desde los niveles primarios. Esto permitir&#xE1; que la ni&#xF1;a tome conciencia de su derecho a evitar el abuso. Adem&#xE1;s, que el aborto debe ser un derecho legal accesible a la ni&#xF1;a violada, este servicio gratuito y seguro (de calidad). En caso de que el embarazo llegue a t&#xE9;rmino, la ni&#xF1;a (futura madre) debe recibir todos los servicios adecuados.</subfield>
  </datafield>
  <datafield tag="921" ind1=" " ind2=" ">
    <subfield code="a">16</subfield>
  </datafield>
  <datafield tag="922" ind1=" " ind2=" ">
    <subfield code="a">16</subfield>
  </datafield>
  <datafield tag="923" ind1=" " ind2=" ">
    <subfield code="a">0</subfield>
  </datafield>
  <datafield tag="924" ind1=" " ind2=" ">
    <subfield code="a">NO APLICA</subfield>
  </datafield>
  <datafield tag="942" ind1=" " ind2=" ">
    <subfield code="c">Tesis</subfield>
  </datafield>
  <datafield tag="999" ind1=" " ind2=" ">
    <subfield code="c">3765</subfield>
    <subfield code="d">3765</subfield>
  </datafield>
</record>
